<?xml version="1.0" encoding="UTF-8"?>
<record
    xmlns:xsi="http://www.w3.org/2001/XMLSchema-instance"
    xsi:schemaLocation="http://www.loc.gov/MARC21/slim http://www.loc.gov/standards/marcxml/schema/MARC21slim.xsd"
    xmlns="http://www.loc.gov/MARC21/slim">

  <leader>00772nam  22002173  4500</leader>
  <controlfield tag="001">202829</controlfield>
  <datafield tag="010" ind1=" " ind2=" ">
    <subfield code="a">978-972-27-1540-9 (vol. IX)</subfield>
  </datafield>
  <datafield tag="021" ind1=" " ind2=" ">
    <subfield code="a">PT</subfield>
    <subfield code="b">252430/07 (IX)</subfield>
  </datafield>
  <datafield tag="090" ind1=" " ind2=" ">
    <subfield code="a">202829</subfield>
  </datafield>
  <datafield tag="100" ind1=" " ind2=" ">
    <subfield code="a">20260701d        u||y0pory50      ba</subfield>
  </datafield>
  <datafield tag="200" ind1=" " ind2=" ">
    <subfield code="a">Etnografia Portuguesa</subfield>
    <subfield code="f">Jos&#xE9; Leite de Vasconcelos</subfield>
  </datafield>
  <datafield tag="210" ind1=" " ind2=" ">
    <subfield code="a">[Lisboa]</subfield>
    <subfield code="c">Imprensa Nacional-Casa da Moeda</subfield>
    <subfield code="d">2007</subfield>
  </datafield>
  <datafield tag="215" ind1=" " ind2=" ">
    <subfield code="a">vol. IX; [XVI], 722, [4] p.</subfield>
    <subfield code="c">il. ; brochado</subfield>
    <subfield code="d">29 cm </subfield>
  </datafield>
  <datafield tag="300" ind1=" " ind2=" ">
    <subfield code="a">reimpress&#xE3;o fac-similada da edi&#xE7;&#xE3;o de 1985


</subfield>
  </datafield>
  <datafield tag="327" ind1=" " ind2=" ">
    <subfield code="a">

</subfield>
  </datafield>
  <datafield tag="606" ind1=" " ind2=" ">
    <subfield code="9">2051</subfield>
    <subfield code="a">Antropologia Cultural. Etnologia. Etnografia. Usos e Costumes. Tradi&#xE7;&#xF5;es. Modo de vida. Folclore</subfield>
  </datafield>
  <datafield tag="675" ind1=" " ind2=" ">
    <subfield code="a">39</subfield>
    <subfield code="v">PT</subfield>
    <subfield code="z">por</subfield>
  </datafield>
  <datafield tag="700" ind1=" " ind2=" ">
    <subfield code="9">6202</subfield>
    <subfield code="a">Vasconcelos</subfield>
    <subfield code="b">Jos&#xE9; Leite de</subfield>
    <subfield code="f">1858-1941</subfield>
  </datafield>
  <datafield tag="801" ind1=" " ind2=" ">
    <subfield code="a">PT</subfield>
    <subfield code="b">BMMN</subfield>
    <subfield code="g">RPC</subfield>
  </datafield>
  <datafield tag="830" ind1=" " ind2=" ">
    <subfield code="c">Vanda</subfield>
  </datafield>
  <datafield tag="990" ind1=" " ind2=" ">
    <subfield code="c">LIVROS</subfield>
  </datafield>
  <datafield tag="995" ind1=" " ind2=" ">
    <subfield code="0">0</subfield>
    <subfield code="2">0</subfield>
    <subfield code="5">2026-07-01</subfield>
    <subfield code="9">32639</subfield>
    <subfield code="b">BMMN</subfield>
    <subfield code="f">32350</subfield>
    <subfield code="k">39 VAS|DEP</subfield>
    <subfield code="o">0</subfield>
    <subfield code="r">LIVROS</subfield>
    <subfield code="s">Oferta</subfield>
  </datafield>
</record>
